LEADER 01188nam--2200397---450- 001 990001227790203316 005 20051114134811.0 010 $a88-88340-22-X 035 $a000122779 035 $aUSA01000122779 035 $a(ALEPH)000122779USA01 035 $a000122779 100 $a20031029d2002----km-y0enga50------ba 101 0 $aita 102 $aIT 105 $a||||||||001yy 200 1 $aModelli computazionali della mente$fOscar Bettelli 210 $aLanciano$cCarabba$d2002 215 $a173 p.$d21 cm 225 2 $aCultura dell'anima$hNuova serie$v10 410 0$12001$aCultura dell'anima$hNuova serie$v10 606 0 $aIntelligenza artificiale 606 0 $aMente 676 $a153 700 1$aBETTELLI,$bOscar$0556505 801 0$aIT$bsalbc$gISBD 912 $a990001227790203316 951 $aII.3. 2673(VI ps B 1125)$b168619 L.M.$cVI ps B$d00087315 959 $aBK 969 $aUMA 979 $aMARIA$b10$c20031029$lUSA01$h1617 979 $aPATRY$b90$c20040406$lUSA01$h1728 979 $aSIAVER$b90$c20040621$lUSA01$h1137 979 $aCOPAT5$b90$c20051114$lUSA01$h1348 996 $aModelli computazionali della mente$9984710 997 $aUNISA LEADER 01316nam 2200409 450 001 9910145915203321 005 20011025000000.0 035 $a(CKB)1000000000279001 035 $a(ItFiC)it 02252032 035 $a(EXLCZ)991000000000279001 100 $a20050504d2001 uy 0 101 0 $aita 200 00$aSismondi e la civiltà toscana $eatti del Convegno internazionale di studi, Pescia, 13-15 aprile 2000 /$fa cura di Francesca Sofia 210 $aFirenze $cL.S. Olschki$d2001 215 $axiv, 518 p 225 0 $aStudi / Gabinetto scientifico letterario G. P. Vieusseux ;$v11 300 $aProceedings. 300 $aFrench or Italian. 300 $aJean Charles Léonard Sismonde de Sismondi (1773-1842). 311 $a88-222-5058-3 320 $aIncludes bibliographical references. 607 $aTuscany (Italy)$xCivilization$y19th century$vCongresses 676 $a945 676 $a330 676 $a850 676 $a907 676 $a342 676 $a949 701 $aSofia$b Francesca$0254234 712 02$aAssociazione di studi Sismondiani. 712 02$aGabinetto scientifico letterario G.P. Vieusseux. 801 0$bItFiC 801 1$bItFiC 906 $aBOOK 912 $a9910145915203321 996 $aSismondi e la civiltà toscana$92437731 997 $aUNINA